| 000 | 01188cam a22002771i 4500 | ||
|---|---|---|---|
| 003 | SA-RiAUC | ||
| 005 | 20250205075050.0 | ||
| 008 | 250125s1986 le g b 00000 ara c | ||
| 040 |
_aSA-JeALM _bara _cSA-RiAUC _erda |
||
| 082 | 0 | 4 |
_a216 _qSA-RiAUC |
| 090 |
_a216 _bف خ ر |
||
| 100 | 1 |
_aالفخر الرازي، محمد بن عمر بن الحسن، _d544-606 هجري _eمؤلف. |
|
| 245 | 1 | 0 |
_aمناظرة في الرد على النصارى / _cفخر الدين الرازي أبو عبد الله محمد بن عمر ؛ تقديم وتحقيق عبد المجيد النجار. |
| 250 | _aالطبعة الأولى. | ||
| 264 | 1 |
_aبيروت : _bدار الغرب الإسلامي، _c1986 |
|
| 300 |
_a92 صفحة ؛ _c22 سم |
||
| 336 |
_aنص _btxt _2rdacontent _3كتاب |
||
| 337 |
_aبدون وسيط _bn _2rdamedia |
||
| 338 |
_aمجلد _bnc _2rdacarrier |
||
| 504 | _aببليوجرافية : صفحة 82-79. | ||
| 650 | 7 |
_aالإسلام _xدفع مطاعن _2aucsh |
|
| 650 | 7 |
_aالإسلام والمسيحية _2aucsh |
|
| 700 | 1 |
_aالنجار، عبد المجيد، _d1945- _eمحقق. |
|
| 942 |
_2ddc _cBOOK _n0 |
||
| 949 |
_aSA-JeALM _d250125 _uosman123 _n1 |
||
| 999 |
_c5610 _d5610 |
||